| 000 | 00806naa a2200205 4500 | ||
|---|---|---|---|
| 005 | 20180625171238.0 | ||
| 010 | _aB-430929 | ||
| 020 |
_a9780195670813 _c595.00 |
||
| 035 | _aB-430929, B-163253 | ||
| 037 | _bOxford University Press | ||
| 037 | _bAllied Pub/Ven | ||
| 100 | _aBooth, Gregory D. | ||
| 245 |
_aBrass Baja: _bstrories from the world of Indian wedding bands / _cby Gregory D. Booth |
||
| 260 |
_aNew Delhi _bOxford University Press _c2005 |
||
| 270 |
_aYMCA Library Building, Jai Singh Road _bNew Delhi _e110001 |
||
| 300 |
_aviii, 335p _c22cm (Hb) _bb&w photos |
||
| 500 | _aIncludes index | ||
| 942 |
_2ddc _cEN _mBOO _h784.40954 |
||
| 999 |
_c53101 _d53101 |
||